| 000 | 01624nam a2200229Ia 4500 | ||
|---|---|---|---|
| 003 | Ost | ||
| 005 | 20260507075653.0 | ||
| 008 | 260507s9999||||xx |||||||||||||| ||und|| | ||
| 020 | _a4094369953 | ||
| 040 | _cfsecg | ||
| 041 | _aara | ||
| 100 |
_aفيروني، ماركو _eمؤلف |
||
| 245 | 0 |
_aالسلع العامة الدولية : _bالحوافز، القياس والتمويل / _c ماركو فيروني |
|
| 260 |
_aبيروت: _bالمؤسسة العربية للدراسات والنشر, _c2004 |
||
| 300 |
_a226 صفحة؛ _bإيضاحات ؛ _c24 سم |
||
| 520 | _aالحوافز العالمية للسلع العامة الدولية- تعريف السلع العامة الدولية- السلع العامة الدولية والمؤثرات الخارجية- أنواع المنافع العامة والسلع العامة- المضامين المالية بالنسبة للدول النامية- تزويد السلع العامة الدولية- الحوافز لتوفير السلع العامة الدولية- التعرف على التحديات توفير السلع الدولية الاساسية- آليات التمويل لتحقيق التنسيق- تمويل السلع العامة الدولية- تخصيص المساعدات لسلع العامة الدولية- السلع العامة الوطنية في مساعدات التنمية الرسمية- تمويل السلع الإقليمية. | ||
| 653 | _aالتمويل | ||
| 653 | _aالتمويل الدولي | ||
| 653 | _aالسلع | ||
| 700 |
_aمودي، أشوكا _eمؤلف ثانوي |
||
| 942 | _cكتاب | ||
| 999 |
_c45646 _d45646 |
||